000
00264nam a2200121Ia 4500
100
_a
Bernard Dodd
942
_c
BK
654
_a
Craft Practice
245
_a
Engineering Craft Practice
260
_b
Heinemann
_a
London
_c
1965
082
_a
671.3
546
_a
ENGLISH
999
_c
35670
_d
35670